000 00519nam a2200181Ia 4500
008 151202s9999||||xx |||||||||||||| ||und||
082 _bPNVM-54956
100 _aराजे शैलजा.
245 _aआसवांची पालखी.
260 _b---
260 _c0
300 _a0
600 _aराजे शैलजा.
630 _aआसवांची पालखी.
700 _aराजे शैलजा.
730 _aआसवांची पालखी.
942 _cBOOK
999 _c1321494
_d1321491